Nové perspektívy v antikoncepcii na stretnutí Spoločnosti profesionálov pre reprodukčné zdravie

Podrobná bibliografia
Hlavný autor: (dan) (Autor)
Médium: Článok
Jazyk:slovenčina
ISSN:1335-4477
Predmet:

MARC

LEADER 00000nab a2200000 a 4500
001 vtls000784926
003 SK-MaSNL
005 20260302154956.0
008 140303c2002 xo 0 slo
015 |a SNBRB2002/02-07141 
035 |a CLN000136597 
040 |a SNKBUCL  |b slo  |c SNKBUCL  |e AACR2 
041 0 |a slo 
044 |a xo  |c SK 
080 |a 615.256  |2 1997 
100 0 |a (dan)  |4 aut  |9 839670 
245 1 0 |a Nové perspektívy v antikoncepcii  |b na stretnutí Spoločnosti profesionálov pre reprodukčné zdravie  |c [autor] (dan) 
650 0 7 |a antikoncepcia  |2 snkbucl  |9 2485 
650 0 7 |a zdravie reprodukčné  |2 snkbucl  |9 852666 
655 7 |a články z novín a časopisov  |2 snkbucl  |9 267496 
773 0 |t Zdravotnícke noviny  |g Roč. 7, č. 8 (2002)  |x 1335-4477 
773 0 |t [Príl.] Lekárske listy  |g Č. 8 (2002), s. 15  |x 1335-4477 
850 |a Slovenská národná knižnica v Martine 
852 |a SNK  |b KIS3GCP 
958 |a MI 
992 |a RBX 
999 |c 1369976  |d 1371906